Occidente : historia de las civilizaciónes y del arte /
Guardado en:
| Autor Principal: | |
|---|---|
| Formato: | Libro |
| Publicado: |
España :
Vicens-vives,
1991
|
| Edición: | 5a. ed. |
| Etiquetas: |
Agregar Etiqueta
Sin Etiquetas, Sea el primero en etiquetar este registro!
|
| LEADER | 00445nam a22001575a 4500 | ||
|---|---|---|---|
| 001 | CEM.cems007303 | ||
| 005 | 20060214000000.0 | ||
| 008 | 130507s1991##################000#0#####d | ||
| 003 | CEMS | ||
| 082 | 0 | 4 | |a 901 |
| 100 | 1 | |a Fernandez, Antonio | |
| 245 | 1 | 0 | |a Occidente : |b historia de las civilizaciónes y del arte / |
| 250 | |a 5a. ed. | ||
| 260 | |a España : |b Vicens-vives, |c 1991 | ||
| 300 | |a 391 p. | ||
| 859 | |a CEMS |b BIB. CEMS - 11 de abril |h 901 |i F391 |p 59.99 |t Ej.1 | ||
